| 000 | 01099nac a22003377a 4500 | ||
|---|---|---|---|
| 001 | BR0101710 | ||
| 003 | BR-BrBNA | ||
| 005 | 20240105122531.0 | ||
| 008 | 230509b bl.|||m| |||| 00| 0 por d | ||
| 040 |
_aBR-BrBNA _bpor _cBiblioteca Nacional de Agricultura |
||
| 072 | _aF30 | ||
| 090 | _a0150 BR0101710 | ||
| 100 | 1 | _aBuso, G.S.C. | |
| 100 | 1 | _aPenteado, M.I.O. | |
| 100 | 1 | _aPozzobon, M.T. | |
| 100 | 1 | _aPenaloza, A. del P.S. | |
| 100 | 1 | _aRangel, P.H. | |
| 100 | 1 | _aFerreira, M.E. | |
| 110 | 1 | _aEMBRAPA Recursos Geneticos e Biotecnologia, Brasilia, DF (Brasil) | |
| 245 | 1 | _aCitometria de fluxo, contagem cromossomica e RAPD na identificacao de genomas e especies de Oryza | |
| 260 | 3 |
_aBrasilia, DF (Brasil): _c2000. |
|
| 300 | _a44 p. | ||
| 490 |
_aBoletim de Pesquisa - EMBRAPA Recursos Geneticos e Biotecnologia (Brazil) _vno. 10 _xISSN 0102-0129 |
||
| 500 | _a13 ref.; Summaries (En, Pt) | ||
| 650 | _aArroz | ||
| 650 | _aCromossoma | ||
| 650 | _aGenoma | ||
| 650 | _aMarcador Genetico | ||
| 909 |
_a202312 _bLúcia Elande _c55 _dLúcia Elande |
||
| 942 |
_2AGRIS _n0 _cMS |
||
| 999 |
_c291521 _d291521 |
||